[Event "11th Africa-ch (w)"]
[Site "Oran ALG"]
[Date "2017.07.08"]
[Round "7"]
[White "Ibbou, Schahinez"]
[Black "Ghanem, Yasmine"]
[Result "0-1"]
[WhiteElo "1445"]
[BlackElo "1570"]
[EventDate "2017.07.02"]
[PlyCount "52"]

1.e4 e5 2.Nf3 Nc6 3.Bc4 Bc5 4.O-O d6 5.h3 Nf6 6.Nc3 O-O 7.d3 Be6 8.Bb3 h6 
9.Be3 Bb6 10.Re1 Qd7 11.Ne2 Bxe3 12.Bxe6 Bxf2+ 13.Kxf2 fxe6 14.Ng3 Nd4 15.
Kg1 Qb5 16.Nxd4 exd4 17.Rb1 Qg5 18.Kh2 h5 19.Qc1 Qe5 20.h4 Ng4+ 21.Kh3 
Nf2+ 22.Kh2 Rf4 23.Kg1 Rxh4 24.Kxf2 Rf8+ 25.Nf5 exf5 26.exf5 Rxf5+ 0-1

[Event "11th Africa-ch (w)"]
[Site "Oran ALG"]
[Date "2017.07.09"]
[Round "8"]
[White "Shahenda, Wafa"]
[Black "Mezioud, Amina"]
[Result "0-1"]
[WhiteElo "2112"]
[BlackElo "2065"]
[EventDate "2017.07.02"]
[PlyCount "104"]

1.e4 e5 2.Nf3 Nc6 3.Bb5 a6 4.Ba4 Nf6 5.O-O b5 6.Bb3 Bc5 7.Nxe5 Nxe5 8.d4 
Bxd4 9.Qxd4 d6 10.c3 O-O 11.Bg5 h6 12.Bxf6 Qxf6 13.f4 Nd7 14.Bd5 Qxd4+ 15.
cxd4 Rb8 16.Nd2 c5 17.dxc5 dxc5 18.Rac1 Bb7 19.Bxb7 Rxb7 20.Nb3 c4 21.Na5 
Rc7 22.Rfd1 Nc5 23.e5 Rfc8 24.Rd6 Nd3 25.Rc2 Nxf4 26.Rxa6 Rc5 27.g3 Nd3 
28.a3 Nxe5 29.Nb7 Rd5 30.Rd6 Rxd6 31.Nxd6 Rc5 32.Ne4 Rc6 33.Re2 Nd3 34.Nc3
Rb6 35.Nd5 Rb8 36.Kg2 f6 37.Kf3 Kf7 38.Re7+ Kf8 39.Re2 Kf7 40.Re7+ Kg6 41.
Nf4+ Nxf4 42.Kxf4 Rd8 43.Rb7 Rd4+ 44.Ke3 Rd3+ 45.Ke4 Rb3 46.a4 bxa4 47.
Rxb3 cxb3 48.Kd3 Kf5 49.Kc3 Ke4 50.h4 g6 51.Kb4 Kd3 52.g4 h5 0-1

[Event "11th Africa-ch (w)"]
[Site "Oran ALG"]
[Date "2017.07.09"]
[Round "8"]
[White "Nassr, Rania"]
[Black "February, Jesse Nikki"]
[Result "1-0"]
[WhiteElo "1783"]
[BlackElo "1823"]
[EventDate "2017.07.02"]
[PlyCount "101"]

1.d4 Nf6 2.Nf3 e6 3.c4 d5 4.e3 Be7 5.Nc3 O-O 6.Qc2 b6 7.cxd5 exd5 8.Bd3 c5
9.b3 Nc6 10.a3 h6 11.O-O Be6 12.Bb2 Qc7 13.Rac1 cxd4 14.Nb5 Qb8 15.Nbxd4 
Nxd4 16.Nxd4 Ng4 17.g3 Ne5 18.Bf5 Rc8 19.Qxc8+ Bxc8 20.Rxc8+ Qxc8 21.Bxc8 
Rxc8 22.Nf5 Ng6 23.Rd1 Bf8 24.Rxd5 Rc2 25.Bd4 Ra2 26.a4 Ra3 27.Rd7 Rxb3 
28.Rxa7 Rb4 29.Ra6 b5 30.a5 Ra4 31.Ra8 f6 32.a6 Kf7 33.a7 Ne5 34.Rb8 Nf3+ 
35.Kg2 Nxd4 36.Rb7+ Kg6 37.Nxd4 Bc5 38.Nxb5 h5 39.h4 Ra5 40.Kf3 Ra2 41.Ke4
f5+ 42.Ke5 Ra5 43.Kf4 Ra2 44.Kf3 Kh7 45.Rf7 Bb6 46.Rxf5 Kg6 47.Rf8 Rxa7 
48.Nxa7 Bxa7 49.e4 Bc5 50.Rf5 Bd4 51.Rg5+ 1-0

[Event "11th Africa-ch (w)"]
[Site "Oran ALG"]
[Date "2017.07.09"]
[Round "8"]
[White "Toubal, Hayet"]
[Black "Shroohk, Wafa"]
[Result "1/2-1/2"]
[WhiteElo "1909"]
[BlackElo "2165"]
[EventDate "2017.07.02"]
[PlyCount "120"]

1.d4 Nf6 2.Nf3 e6 3.Bg5 b6 4.e3 Bb7 5.Nbd2 h6 6.Bh4 Be7 7.h3 O-O 8.Bd3 c5 
9.c3 d5 10.O-O Nbd7 11.Qe2 Ne4 12.Bxe7 Qxe7 13.Bb5 Rfd8 14.a4 a6 15.Bxd7 
Qxd7 16.Ne5 Qc7 17.Rfd1 f6 18.Ng6 Qf7 19.Nh4 a5 20.Nhf3 Ba6 21.Qe1 Bd3 22.
Ra3 Qd7 23.Rda1 Re8 24.Qd1 e5 25.Ne1 Nxd2 26.Qxd2 Bf5 27.Rb3 Qc6 28.Qd1 
exd4 29.cxd4 c4 30.Rba3 Qd6 31.Nf3 Qb4 32.R1a2 Rac8 33.Rc3 Re7 34.Ne1 g5 
35.Nc2 Qd6 36.Na3 Rg7 37.Nb5 Qe6 38.Kh2 g4 39.h4 g3+ 40.fxg3 Kh7 41.b3 
Rcg8 42.e4 dxe4 43.Qe1 cxb3 44.Rb2 Qd5 45.Rbxb3 Bd7 46.Qf2 f5 47.Nc7 Qd6 
48.Nb5 Qf6 49.Qf4 Rg4 50.Qd6 Qxd6 51.Nxd6 f4 52.Nxe4 fxg3+ 53.Nxg3 Rxh4+ 
54.Kg1 Rxd4 55.Rxb6 Rxa4 56.Nh5 Rg5 57.Nf6+ Kg7 58.Nxd7 Ra2 59.Rc7 Raxg2+ 
60.Kf1 Rg1+ 1/2-1/2

[Event "11th Africa-ch (w)"]
[Site "Oran ALG"]
[Date "2017.07.09"]
[Round "8"]
[White "Khaled, Mouna"]
[Black "Lalaoui, Feriel"]
[Result "1-0"]
[WhiteElo "2189"]
[BlackElo "1719"]
[EventDate "2017.07.02"]
[PlyCount "57"]

1.d4 Nf6 2.Nf3 e6 3.Nbd2 b6 4.e4 Bb7 5.Bd3 d6 6.O-O Be7 7.a3 c5 8.e5 Nd5 
9.Ne4 cxd4 10.exd6 Bxd6 11.Bb5+ Bc6 12.Nxd6+ Qxd6 13.Nxd4 Nc7 14.a4 Nxb5 
15.Nxb5 Qxd1 16.Rxd1 Na6 17.Rd6 Bxb5 18.axb5 Nc7 19.c4 Ke7 20.Bf4 Rhd8 21.
Rc6 Ne8 22.Kf1 f6 23.Ke2 e5 24.Bd2 Rd7 25.Bb4+ Kf7 26.Rxb6 axb6 27.Rxa8 
Rd4 28.Ra7+ Ke6 29.Re7+ 1-0

[Event "11th Africa-ch (w)"]
[Site "Oran ALG"]
[Date "2017.07.09"]
[Round "8"]
[White "Ghanem, Yasmine"]
[Black "Hamlaoui, Asma"]
[Result "1/2-1/2"]
[WhiteElo "1570"]
[BlackElo "1734"]
[EventDate "2017.07.02"]
[PlyCount "150"]

1.e4 e6 2.c4 d5 3.cxd5 exd5 4.exd5 Qxd5 5.Nc3 Qd8 6.Nf3 Nf6 7.d4 Bd6 8.Bc4
O-O 9.O-O c6 10.h3 Bf5 11.d5 cxd5 12.Nxd5 Nc6 13.Bg5 Be7 14.Nxe7+ Qxe7 15.
Re1 Qb4 16.b3 Ne4 17.Bh4 Qd6 18.Qd5 Qxd5 19.Bxd5 Nc3 20.Bxc6 bxc6 21.Nd4 
Be4 22.Re3 c5 23.Ne6 fxe6 24.Rxc3 h6 25.Be7 Rf7 26.Bxc5 Rd7 27.Be3 a5 28.
Rac1 Bd5 29.Rc8+ Rd8 30.Rxd8+ Rxd8 31.Bb6 Ra8 32.Rc5 a4 33.Rb5 axb3 34.
axb3 Ra1+ 35.Kh2 Rb1 36.Rc5 Rxb3 37.Rc8+ Kh7 38.Bd4 Rb7 39.g4 Rf7 40.Kg3 
Rf3+ 41.Kh2 Rf7 42.h4 Rf4 43.Be3 Rxg4 44.Kh3 Rb4 45.Rc7 Kg6 46.Kg3 Kf6 47.
Bd2 Rb3+ 48.Bc3+ Kf5 49.Rf7+ Ke4 50.Rf4+ Kd3 51.Bxg7 Ke2+ 52.Kh2 h5 53.Bf8
Bf3 54.Bc5 Bg4 55.Be3 Rb7 56.Rd4 Rf7 57.Rxg4 hxg4 58.Kg3 Rg7 59.h5 e5 60.
h6 Rb7 61.Kxg4 e4 62.Kf5 Kf3 63.Kg6 Rc7 64.h7 Rc6+ 65.Kg5 Rc8 66.Bd4 Rd8 
67.Kh4 Rc8 68.Kg5 Rd8 69.Kg6 Rc8 70.Kf7 Rc7+ 71.Kg8 Rc8+ 72.Kg7 Rc7+ 73.
Kg6 Rc8 74.Kg7 Rc7+ 75.Kg6 Rc6+ 1/2-1/2

[Event "11th Africa-ch (w)"]
[Site "Oran ALG"]
[Date "2017.07.09"]
[Round "8"]
[White "Hamza, Amira"]
[Black "Caxita, Esperanca"]
[Result "0-1"]
[WhiteElo "1912"]
[BlackElo "1876"]
[EventDate "2017.07.02"]
[PlyCount "92"]

1.d4 g6 2.Nf3 Bg7 3.Nbd2 d6 4.e4 Nf6 5.Be2 O-O 6.O-O b6 7.c3 Bb7 8.Qc2 
Nbd7 9.Re1 c5 10.d5 Re8 11.a4 a6 12.Nc4 Qc7 13.Bg5 e6 14.Bf4 Nxe4 15.Qxe4 
exd5 16.Bxd6 dxe4 17.Bxc7 exf3 18.Bxf3 Rxe1+ 19.Rxe1 Bxf3 20.gxf3 b5 21.
Re7 Nf6 22.axb5 axb5 23.Nb6 Ra2 24.Re2 c4 25.Rd2 h5 26.h4 Kh7 27.Nc8 b4 
28.Bf4 Bh6 29.Bxh6 Kxh6 30.Rd4 Rxb2 31.Rxc4 b3 32.Nb6 Rc2 33.Kg2 g5 34.
hxg5+ Kxg5 35.Rc5+ Kf4 36.Na4 Ra2 37.Rc4+ Ke5 38.Nb6 Rc2 39.Na4 Nd5 40.Rc5
Kd6 41.Kg3 Ra2 42.c4 Nb4 43.Ra5 b2 44.c5+ Kc6 45.Ra8 b1=Q 46.Rc8+ Kb7 0-1

[Event "11th Africa-ch (w)"]
[Site "Oran ALG"]
[Date "2017.07.09"]
[Round "8"]
[White "Chihi, Malak"]
[Black "Nassr, Lina"]
[Result "0-1"]
[WhiteElo "1623"]
[BlackElo "1751"]
[EventDate "2017.07.02"]
[PlyCount "72"]

1.e4 c5 2.Nf3 e6 3.c3 Nc6 4.d4 d5 5.e5 Qb6 6.Bd3 cxd4 7.cxd4 Nge7 8.O-O 
Bd7 9.Bc2 Nf5 10.Bxf5 exf5 11.Nc3 Be6 12.Rb1 Be7 13.Be3 O-O 14.h3 Rac8 15.
Re1 h6 16.Nd2 f4 17.Bxf4 Qxd4 18.Bg3 Qb6 19.Nf3 Rfd8 20.Qd3 Nb4 21.Qd2 Bf5
22.Rbd1 Nd3 23.Re2 d4 24.Ne4 Nc5 25.Nd6 Bxd6 26.exd6 d3 27.Re5 Ne4 28.Qf4 
Nxg3 29.Qxg3 Bh7 30.Ne1 Rxd6 31.Nxd3 Rcd8 32.Re3 Qb5 33.Re5 Qd7 34.Re3 
Rxd3 35.Rdxd3 Bxd3 36.Qf4 Bg6 0-1

[Event "11th Africa-ch (w)"]
[Site "Oran ALG"]
[Date "2017.07.09"]
[Round "8"]
[White "Ibbou, Schahinez"]
[Black "Marzouk, Amira"]
[Result "0-1"]
[WhiteElo "1445"]
[BlackElo "1702"]
[EventDate "2017.07.02"]
[PlyCount "80"]

1.e4 c5 2.c3 Nf6 3.e5 Nd5 4.d4 cxd4 5.cxd4 d6 6.Nf3 Nc6 7.Qb3 e6 8.Bd2 Qc7
9.Nc3 dxe5 10.Nxd5 exd5 11.Qxd5 Be6 12.Qb5 a6 13.Qa4 Bd7 14.Rc1 Qb6 15.d5 
Nd4 16.Qd1 Nxf3+ 17.Qxf3 Qxb2 18.Bc4 Bb4 19.O-O Bxd2 20.Rcd1 Qc3 21.Qe2 
Bh6 22.f4 O-O 23.fxe5 Qe3+ 24.Qxe3 Bxe3+ 25.Kh1 Rae8 26.e6 fxe6 27.Rxf8+ 
Kxf8 28.d6 Rc8 29.Bd3 g6 30.Be4 Rc1 31.Rxc1 Bxc1 32.Bxb7 a5 33.Kg1 Bf4 34.
Kf2 Bxd6 35.h3 Ke7 36.Ke3 Bc5+ 37.Ke4 Kd6 38.Kf4 h6 39.g4 e5+ 40.Ke4 Be6 
0-1

[Event "11th Africa-ch (w)"]
[Site "Oran ALG"]
[Date "2017.07.10"]
[Round "9"]
[White "Hamlaoui, Asma"]
[Black "Shahenda, Wafa"]
[Result "1/2-1/2"]
[WhiteElo "1734"]
[BlackElo "2112"]
[EventDate "2017.07.02"]
[PlyCount "177"]

1.e4 c5 2.Nc3 g6 3.f4 Bg7 4.Nf3 Nc6 5.Bb5 Nd4 6.O-O a6 7.Bd3 d6 8.Nxd4 
cxd4 9.Ne2 Qb6 10.Kh1 Nf6 11.c3 dxc3 12.bxc3 O-O 13.Bc2 Qc6 14.Nd4 Qc7 15.
a4 Nh5 16.Ne2 Bg4 17.Qe1 Bh6 18.f5 e6 19.Ng3 exf5 20.Nxh5 Bxh5 21.exf5 
Rfe8 22.Qh4 Qe7 23.Qxe7 Rxe7 24.Ba3 Bxd2 25.Bxd6 Rd7 26.Be5 Re8 27.Bd4 Rc7
28.fxg6 Bxg6 29.Bxg6 fxg6 30.Rab1 Rf8 31.Rfd1 Bh6 32.h3 Bg7 33.Rb6 Rd8 34.
Rbb1 Rcd7 35.Re1 Rc8 36.Rb4 Bf8 37.Rb6 Bc5 38.Bxc5 Rxc5 39.Rb3 Kf7 40.Kg1 
Rc4 41.Ra3 Rdc7 42.Re3 Re7 43.Kf2 Rxe3 44.Kxe3 Ke6 45.Kd3 Kd5 46.Rb3 Rc7 
47.Rb4 Rf7 48.Rb2 Kc5 49.Rb4 Rd7+ 50.Kc2 b6 51.Re4 Rf7 52.Re2 Kc4 53.Re4+ 
Kd5 54.Re2 Rf4 55.Kb3 Re4 56.Rd2+ Kc6 57.Rf2 Re7 58.Kb4 Re4+ 59.Kb3 Re6 
60.Kb4 h5 61.Kb3 Kc5 62.Rd2 Re3 63.Rf2 Rg3 64.Re2 Rg5 65.Rd2 b5 66.axb5 
axb5 67.Re2 Rg3 68.Re5+ Kc6 69.Re2 Rg5 70.Kb4 Kd6 71.c4 bxc4 72.Kxc4 Re5 
73.Rf2 Re4+ 74.Kd3 Ke5 75.Ra2 Re1 76.Rf2 Ra1 77.Ke3 Ra3+ 78.Ke2 Ra2+ 79.
Kf3 Rxf2+ 80.Kxf2 Ke4 81.Kg3 g5 82.Kf2 Kd4 83.Ke2 Ke4 84.Kf2 Kf4 85.g3+ 
Ke4 86.g4 h4 87.Ke2 Kd4 88.Kd2 Ke4 89.Ke2 1/2-1/2

[Event "11th Africa-ch (w)"]
[Site "Oran ALG"]
[Date "2017.07.10"]
[Round "9"]
[White "Khaled, Mouna"]
[Black "Nassr, Rania"]
[Result "1-0"]
[WhiteElo "2189"]
[BlackElo "1783"]
[EventDate "2017.07.02"]
[PlyCount "57"]

1.d4 Nf6 2.Nf3 e6 3.e3 b6 4.Bd3 Bb7 5.O-O c5 6.c4 Be7 7.Nc3 Na6 8.d5 d6 9.
dxe6 fxe6 10.Ng5 Qd7 11.Bxh7 O-O-O 12.Bc2 Rdf8 13.Ba4 Bc6 14.Bxc6 Qxc6 15.
Nxe6 Rfg8 16.Nd5 Qd7 17.Ng5 Nxd5 18.Nf7 Nf6 19.Nxh8 Rxh8 20.a4 Qe6 21.Qe2 
Nb4 22.a5 Kb7 23.axb6 axb6 24.Bd2 Nc6 25.Bc3 Rh4 26.b3 g5 27.Qa2 Ne4 28.
Bg7 Qg6 29.Bb2 1-0

[Event "11th Africa-ch (w)"]
[Site "Oran ALG"]
[Date "2017.07.10"]
[Round "9"]
[White "Marzouk, Amira"]
[Black "Toubal, Hayet"]
[Result "0-1"]
[WhiteElo "1702"]
[BlackElo "1909"]
[EventDate "2017.07.02"]
[PlyCount "48"]

1.d4 Nf6 2.Bf4 e6 3.e3 b6 4.Nd2 Bb7 5.Ngf3 c5 6.c3 Be7 7.h3 O-O 8.Bd3 Nc6 
9.O-O Rc8 10.Qe2 Re8 11.a4 h6 12.e4 cxd4 13.cxd4 Nb4 14.Bc4 Nxe4 15.Nxe4 
Bxe4 16.Bxe6 Bxf3 17.Bxf7+ Kxf7 18.Qxf3 Kg8 19.Qg3 Kh7 20.Rac1 Rxc1 21.
Rxc1 Nd5 22.Qd3+ Kh8 23.Bg3 Bg5 24.Rd1 Bf4 0-1

[Event "11th Africa-ch (w)"]
[Site "Oran ALG"]
[Date "2017.07.10"]
[Round "9"]
[White "February, Jesse Nikki"]
[Black "Caxita, Esperanca"]
[Result "1-0"]
[WhiteElo "1823"]
[BlackElo "1876"]
[EventDate "2017.07.02"]
[PlyCount "53"]

1.e4 g6 2.d4 Bg7 3.Nf3 d6 4.Bc4 e6 5.O-O Ne7 6.Bg5 O-O 7.Qd2 Nd7 8.Nc3 c6 
9.Rfe1 Re8 10.Bb3 Qc7 11.Rad1 a6 12.h4 h5 13.Qf4 Nf8 14.g4 hxg4 15.Nh2 Nh7
16.Nxg4 Kf8 17.Re3 Ng8 18.Rf3 Nxg5 19.Qxg5 Ne7 20.Nf6 Rd8 21.h5 Bxf6 22.
Qxf6 Ng8 23.Qxg6 f6 24.Rxf6+ Nxf6 25.Qxf6+ Ke8 26.Qh8+ Kd7 27.Qg7+ 1-0

[Event "11th Africa-ch (w)"]
[Site "Oran ALG"]
[Date "2017.07.10"]
[Round "9"]
[White "Shroohk, Wafa"]
[Black "Mezioud, Amina"]
[Result "0-1"]
[WhiteElo "2165"]
[BlackElo "2065"]
[EventDate "2017.07.02"]
[PlyCount "112"]

1.e4 e5 2.Nf3 Nc6 3.Bb5 a6 4.Ba4 Nf6 5.d4 Nxd4 6.Nxd4 exd4 7.e5 Ne4 8.O-O 
Be7 9.Qxd4 Nc5 10.Nc3 O-O 11.Bb3 Nxb3 12.axb3 d6 13.Be3 dxe5 14.Qxe5 Bd6 
15.Qh5 Re8 16.Rfd1 Bd7 17.Rd4 Qc8 18.Ne4 Be7 19.h3 Bf5 20.c3 Qe6 21.Ng5 
Qg6 22.Qxg6 Bxg6 23.b4 Bf6 24.Rd7 Rxe3 25.fxe3 Bxg5 26.Kf2 Rc8 27.Ra5 Bf6 
28.Rc5 Be4 29.Rdxc7 Rxc7 30.Rxc7 g6 31.b3 Bc6 32.c4 Be5 33.Rc8+ Kg7 34.b5 
axb5 35.cxb5 Be4 36.Re8 Kf6 37.g4 g5 38.b4 Bd3 39.b6 Bd6 40.Rc8 Bxb4 41.
Rc7 Ba6 42.e4 Ke6 43.Kf3 Ba5 44.Rc5 Bxb6 45.Rxg5 Bd4 46.Rh5 b5 47.Rh6+ f6 
48.g5 b4 49.gxf6 b3 50.f7+ Kxf7 51.Rxa6 b2 52.Ra4 b1=Q 53.Rxd4 Qf1+ 54.Ke3
Qxh3+ 55.Kf4 h5 56.Rd5 Qg4+ 0-1

[Event "11th Africa-ch (w)"]
[Site "Oran ALG"]
[Date "2017.07.10"]
[Round "9"]
[White "Chihi, Malak"]
[Black "Latreche, Sabrina"]
[Result "0-1"]
[WhiteElo "1623"]
[BlackElo "2056"]
[EventDate "2017.07.02"]
[PlyCount "98"]

1.e4 g6 2.d4 Bg7 3.Nf3 d6 4.h3 Nf6 5.Bd3 c6 6.a4 e5 7.c3 Nbd7 8.Be3 O-O 9.
O-O Re8 10.Nbd2 Qc7 11.Re1 Nf8 12.Nh2 Ne6 13.Bc2 Nh5 14.g3 exd4 15.cxd4 
Nxd4 16.g4 Nxc2 17.Qxc2 Nf6 18.Bf4 Be6 19.Nhf3 Rad8 20.Bg3 Qc8 21.Rad1 h5 
22.g5 Nh7 23.h4 d5 24.e5 Bg4 25.Rc1 Nf8 26.Nd4 Ne6 27.N2f3 Bxf3 28.Nxf3 c5
29.Qd2 Qd7 30.Red1 Qxa4 31.Ra1 Qg4 32.Ra3 a6 33.Qe2 Qb4 34.Rd2 Rd7 35.Qe1 
Red8 36.Qc1 Qb5 37.Re3 Qc6 38.Re1 d4 39.Rd3 c4 40.Ra3 d3 41.Nd2 Nd4 42.Qd1
Nc2 43.Rc3 Nxe1 44.Qxe1 Rd4 45.Qc1 b5 46.b3 Rg4 47.Kh2 Bxe5 48.bxc4 Rxh4+ 
49.Kg1 Rh1# 0-1

[Event "11th Africa-ch (w)"]
[Site "Oran ALG"]
[Date "2017.07.10"]
[Round "9"]
[White "Lalaoui, Feriel"]
[Black "Ghanem, Yasmine"]
[Result "1/2-1/2"]
[WhiteElo "1719"]
[BlackElo "1570"]
[EventDate "2017.07.02"]
[PlyCount "63"]

1.e4 e5 2.Nf3 Nc6 3.Bc4 Bc5 4.c3 Nf6 5.d4 exd4 6.cxd4 Bb4+ 7.Bd2 Bxd2+ 8.
Nbxd2 d5 9.exd5 Nxd5 10.Qb3 Na5 11.Qa4+ Nc6 12.Qb3 Na5 13.Qa4+ Nc6 14.Qb3 
Nce7 15.O-O c6 16.Rfe1 O-O 17.Ne4 Qb6 18.Qxb6 axb6 19.a3 Bg4 20.Ne5 Bf5 
21.Nd6 Bc8 22.Nxc8 Raxc8 23.g3 h6 24.Rac1 Rcd8 25.Nf3 Rfe8 26.Bxd5 Nxd5 
27.Rxe8+ Rxe8 28.Re1 Rxe1+ 29.Nxe1 c5 30.dxc5 bxc5 31.Nf3 f6 32.Kf1 
1/2-1/2

[Event "11th Africa-ch (w)"]
[Site "Oran ALG"]
[Date "2017.07.10"]
[Round "9"]
[White "Nassr, Lina"]
[Black "Hamza, Amira"]
[Result "1-0"]
[WhiteElo "1751"]
[BlackElo "1912"]
[EventDate "2017.07.02"]
[PlyCount "114"]

1.e4 d6 2.d4 Nf6 3.Nc3 g6 4.Nf3 Bg7 5.Be2 O-O 6.O-O Nbd7 7.h3 e5 8.Be3 Qe7
9.dxe5 dxe5 10.Qd2 c6 11.Rfd1 Nc5 12.Bxc5 Qxc5 13.Qd6 Qxd6 14.Rxd6 Nh5 15.
Rad1 Nf4 16.Bc4 Be6 17.Bf1 h6 18.Kh2 Rfe8 19.g3 Nh5 20.a3 Bf8 21.R6d2 f6 
22.Be2 Kf7 23.Nh4 Ng7 24.Bg4 f5 25.exf5 gxf5 26.Be2 Bc5 27.Kg2 Be7 28.Nf3 
Bf6 29.Na4 e4 30.Nd4 Bd5 31.Kf1 Bg5 32.c4 Bxd2 33.cxd5 e3 34.dxc6 bxc6 35.
Nxc6 Kf6 36.fxe3 Bxe3 37.Nc3 Rac8 38.Rd6+ Kf7 39.Bc4+ Ne6 40.Rd7+ Kf8 41.
Ne5 Bb6 42.Ng6+ Kg8 43.Nd5 Bd8 44.Nde7+ Bxe7 45.Nxe7+ Rxe7 46.Rxe7 Rxc4 
47.Rxe6 Rc1+ 48.Kf2 Rc2+ 49.Re2 Rc6 50.Kf3 Kf7 51.b4 Rc3+ 52.Re3 Rc1 53.
Rb3 Rf1+ 54.Ke3 Re1+ 55.Kf4 Kf6 56.Rc3 Rf1+ 57.Ke3 Rg1 1-0